| 000 | 00424nam a2200193Ia 4500 | ||
|---|---|---|---|
| 003 | 0100 | ||
| 008 | 130303s9999 xx 000 0 und d | ||
| 040 | _cARRUPELIB | ||
| 050 | _aQ175.R394 | ||
| 100 | _aRescher, Nicholas | ||
| 245 | _aScientific explanation | ||
| 260 | _aNew York | ||
| 260 | _bThe Free Press | ||
| 260 | _C1970 | ||
| 300 | _a242p. | ||
| 300 | _b 22cm | ||
| 650 | _bPhilosophy | ||
| 942 |
_2lcc _01 |
||
| 999 |
_c64238 _d64238 |
||